000 01473nam a22003854c 4500
001 196872
003 ES-MaACL
005 20250815004926.0
008 250114s2022 sp a | |||| 000 0 spa
015 _aMON22
017 _aM 22820-2022
_bOficina Depósito Legal Madrid
020 _a9788412599725
035 _a(SpMaBN)a7224991
040 _aSpMaBN
_bspa
_cSpMaBN
_erda
080 _a94(100)"1937"
080 _a94(460)"1936/39"
100 1 _aRubio Herrero, Federico,
_d1951-
_9176099
_eaut
245 1 0 _aCronología mundial durante seis meses decisivos :
_bjulio-diciembre de 1937 /
_cFederico Rubio Herrero.
250 _aPrimera edición, septiembre 2022
264 1 _aMadrid :
_bLekla Ediciones,
_c[2022]
264 4 _c©2022
300 _a127 páginas :
_bfotografías (blanco y negro) ;
_c24 cm
336 _aTexto
_2rdacontent
337 _asin mediación
_2rdamedia
338 _avolumen
_2rdacarrier
650 4 _aHistoria contemporánea-
_yS.XX
_913396
651 4 _aEspaña-
_xHistoria-
_y1936-1939, Guerra civil
_98292
655 0 _9239461
_aCronologías
852 _aES-MaACL
_cDEPOJ
_jN-10326
_hDonación: Federico Rubio Herrero
_xEncuadernación rústica
_9206450
903 _9176099
_aRubio Herrero, Federico,
_d1951-
_ednr
942 _cMONOGRAFIA
_n0
999 _c196872
_d196872